000 00854nam a2200241 ar4500
001 1833
005 20221127090310.0
008 100314s xxka 00110|eng d
020 _a027367353X(pbk) :
_cSR219.00
082 0 4 _a338.47
_bSe69 2003
245 0 0 _aServices management :
_ban integrated approach /
_cedited by Bart Van Looy, P. Gemmel, Roland Van Dierdonck.
250 _a2nd ed.
260 _aHarlow, England ;
_aNew York :
_bFT/Prentice Hall,
_c2003.
300 _axxvi, 529 p. :
_bill. ;
_c25 cm.
500 _aPrev. ed. : 1998.
504 _aIncludes bibl. references and index.
650 4 _aService industries
_xManagement.
650 4 _aIndustrial management.
650 4 _aInternational economic relations.
700 0 _aLooy, Bart van,
_eedtor.
700 0 _aGemmel, Paul,
_ejt. edtor.
700 0 _aDierdonck, Roland van,
_ejt. editor.
999 _c1831
_d1831